01116cam a22002774a 45000010009000000050017000090080041000260200015000670400018000820820021001001000027001212450083001482500012002312600056002433000035002995000076003345040051004106500054004616500034005156530017005497000028005667000066005949420012006609990017006729520149006891369670520050812141744.0040824s2005 njua b 001 0 eng  a0130159204 aDLCcDLCdDLC00a005.117222bBLA1 aBlaha, Michael.93033810aObject-Oriented Modeling and Design with UML /cMichael Blaha, James Rumbaugh. a2nd ed. aUpper Saddle River, NJ :bPearson Education,c2005. axvii, 477 p. :bill. ;c24 cm. aRev. ed of: Object-oriented modeling and design / James Rumbaugh. 1991. aIncludes bibliographical references and index. 0aObject-oriented methods (Computer science)930339 0aUML (Computer science)930340 bCScJuly20121 aRumbaugh, James.9303411 aRumbaugh, James.tObject-oriented modeling and design.930342 2ddccBB c16819d16819 00102ddc40708BaccahaMAINbMAINcLOWd2012-07-04epurchaseg180.00h15423l1m1o005.117 BLAp000026911r2025-07-15 00:00:00s2012-12-19yBB